00837 a2200193 4500003000500000005001700005020001500022040000900037082001700046100002900063245005300092260003000145300000800175505027500183650002900458942001200487999001900499952012500518Nust20230104110427.0 a0862880114 cNust a641.8654,CHI aHawkins, Kathryn9106736 aStep by Step Chinese Cookery /cHawkins Kathryn, aLondonbGreenWich`c1995. a70p aIntroduction (Page-7), Chinese Ingredients (Page-8), Stocks and Soups (Page-10), Starters (Page-18), Fish and Shellfish Dishes (Page-24), Poultry Dishes (Page-32), Meat Dishes (Page-41), Salads (Page-55), Vegetarian Dishes (Page-59), Desserts (Page-66), Index (Page-70). a Chines Cookery9106737 2ddccBK c185815d185815 00102ddc4070aMCSbMCScGENd2016-12-12o641.8654,CHIpMCS2062r2016-12-08w2016-12-12yBKzAlmirah No.42, Shelf No.2